| 000 | 00837nam a2200193 i 4500 | ||
|---|---|---|---|
| 001 | 38746 | ||
| 003 | ES-MaACL | ||
| 005 | 20230912063102.0 | ||
| 007 | t| | ||
| 008 | 030226s1919 sp ||||1| spa d | ||
| 080 | _a338.47(460):656.2 | ||
| 100 | 0 |
_aCalomarde, Juan José _933772 |
|
| 245 | 1 | 3 |
_aEl conflicto ferroviario : _bsituación económica del agente ferroviario español y de las compañías de ferrocarriles con relación al Estado, a las demás industrias nacionales y al resto de las diferentes clases trabajadoras de España / _cJuan José Calomarde. |
| 260 |
_aMadrid : _b[s.n.], _c1919 ( _fImp. de Minuesa de los Rios) |
||
| 300 |
_a23 p. ; _c22 cm. |
||
| 650 | 4 |
_aTransportes ferroviarios- _zEspaña. _9149654 |
|
| 852 | 4 |
_aES-MaACL _j1577-F-22 _z- Dedicatoria autógrafa del autor |
|
| 999 |
_c38746 _d38746 |
||